| 000 | 00696nam a2200253Ia 4500 | ||
|---|---|---|---|
| 001 | dia_1293 | ||
| 003 | CHAP | ||
| 005 | 20230126115747.0 | ||
| 008 | 220117s1965 xx 000 0 und d | ||
| 010 | _a171831 | ||
| 040 | _cCHAP | ||
| 082 | _a574.19 M27 | ||
| 100 |
_aMatz, Samuel A. _973124 |
||
| 245 | _aWater in Foods | ||
| 260 |
_aWestport, Connecticut, the Avi Publishing Company. _c1965 |
||
| 300 | _a275 pp. | ||
| 650 |
_aAgua de alimentación _9150443 |
||
| 650 |
_aAgua en los alimentos _9150444 |
||
| 650 |
_aAlimentos _xcomposición |
||
| 901 | _a574.19 M27 | ||
| 902 | _aM | ||
| 905 | _a0000001965 -US 0000000000ENG00 | ||
| 942 |
_cLIBRO _2ddc |
||
| 999 |
_c171831 _d171831 |
||